Welcome to Marium Abdulla Library

Embrace knowledge with a breath of fresh air.

Browse Collection

Marium Abdulla Library

Traditional pottery techniques of Pakistan : (Record no. 15221)

MARC details
000 -LEADER
fixed length control field 01226cam a2200349 i 4500
001 - CONTROL NUMBER
control field 21557
003 - CONTROL NUMBER IDENTIFIER
control field OSt
005 - DATE AND TIME OF LATEST TRANSACTION
control field 20250703125303.0
008 - FIXED-LENGTH DATA ELEMENTS--GENERAL INFORMATION
fixed length control field 750602s1975 dcua b 000 0 eng
010 ## - LIBRARY OF CONGRESS CONTROL NUMBER
LC control number 75619168
020 ## - INTERNATIONAL STANDARD BOOK NUMBER
Terms of availability $5.20 (pbk.)
International Standard Book Number 9789697121489
035 ## - SYSTEM CONTROL NUMBER
System control number 342407
040 ## - CATALOGING SOURCE
Original cataloging agency DLC
Transcribing agency DLC
Modifying agency DLC
043 ## - GEOGRAPHIC AREA CODE
Geographic area code a-pk---
050 00 - LIBRARY OF CONGRESS CALL NUMBER
Classification number GN1
Item number .S54 no. 21
Classification number GN635.P27
082 00 - DEWEY DECIMAL CLASSIFICATION NUMBER
Classification number 709.54 LOT
Edition information 23
Item number 21557
086 0# - GOVERNMENT DOCUMENT CLASSIFICATION NUMBER
Classification number SI 1.33:21
100 1# - MAIN ENTRY--PERSONAL NAME
Personal name Rye, Owen S.
245 10 - TITLE STATEMENT
Title Traditional pottery techniques of Pakistan :
Remainder of title field and laboratory studies /
Statement of responsibility, etc. Owen S. Rye and Clifford Evans.
260 ## - PUBLICATION, DISTRIBUTION, ETC.
Place of publication, distribution, etc. Washington :
Name of publisher, distributor, etc. Smithsonian Institution Press : for sale by the Supt. of Docs., U.S. Govt. Print. Off.,
Date of publication, distribution, etc. 1976.
300 ## - PHYSICAL DESCRIPTION
Extent xviii, 283 p. :
Other physical details ill. ;
Dimensions 30 cm.
336 ## - CONTENT TYPE
Content type term text
Content type code txt
Source rdacontent
337 ## - MEDIA TYPE
Media type term unmediated
Media type code n
Source rdamedia
338 ## - CARRIER TYPE
Carrier type term volume
Carrier type code nc
Source rdacarrier
440 #0 - SERIES STATEMENT/ADDED ENTRY--TITLE
Title Smithsonian contributions to anthropology ;
Volume/sequential designation no. 21
504 ## - BIBLIOGRAPHY, ETC. NOTE
Bibliography, etc. note Bibliography: p. 198-199.
650 #0 - SUBJECT ADDED ENTRY--TOPICAL TERM
Topical term or geographic name entry element Pottery
Geographic subdivision Pakistan.
700 1# - ADDED ENTRY--PERSONAL NAME
Personal name Evans, Clifford,
Dates associated with a name 1920-1981
Relator term joint author.
906 ## - LOCAL DATA ELEMENT F, LDF (RLIN)
a 7
b cbc
c orignew
d 1
e ncip
f 19
g y-gencatlg
942 ## - ADDED ENTRY ELEMENTS (KOHA)
Source of classification or shelving scheme Dewey Decimal Classification
Koha item type Reference
Suppress in OPAC No
Holdings
Date last seen Total checkouts Full call number Barcode Price effective from Koha item type Lost status Source of classification or shelving scheme Damaged status Not for loan Collection Withdrawn status Home library Current library Shelving location Date acquired Source of acquisition Cost, normal purchase price
01/27/2025   709.54 LOT 21557 01/27/2025 Reference   Dewey Decimal Classification     Fine Arts   Marium Abdulla Library Marium Abdulla Library Reference 01/27/2025 Liberty 14620.00